01429nam a2200349Ia 450000500170000000700030001700800410002002000180006104000350007904100080011408400110012210000320013324500790016525000450024426400550028930000400034433600270038433700330041133800280044449000610047252100610053354500780059465000490067265000500072165000390077165000300081065000270084070000490086794200150091699900150093195201330094620220317001418.0ta210811r20102016mx a br 000 j spa d a9786071619648 aCO-BoRNBPbspaerdacCO-BoRNBP0 aspa aC VIL21 aVilloro, Juand1956-eautor14aLas golosinas secretascJuan Villoro; ilustrado por Mauricio Gómez Morin aTercera ediciónbPrimera reimpresión 1aMéxicobFondo de Cultura Económicac2014c2016 a45 páginasbilustraciones c19 cm atextobtxt2rdacontent asin mediaciónbn2rdamedia avolumenbnc2rdacarrier aA la orilla del viento. Para los que empiezan a leerv62 aRecomendado para un público infantil mayor de 6 años aIncluye datos biográficos del autor e ilustrador en la contracarátula14aCuentos infantiles mexicanosySiglo XX2LEMB14aLiteratura infantil mexicanaySiglo XX2LEMB 14aAutores mexicanosySiglo XX2LEMB 14aTravesurasvCuentos2LEMB14aAmistadvCuentos2LEMB1 aGómez Morín, Mauricioeilustrador912572 2loccBKLIT c6895d6895 00102ddc40708INFaMECASARIbMECASARIcSInfd2023-03-30l0oCVL2EJ.1pMDA000033r2023-03-30 00:00:00tEj.1w2023-03-30yBKLIT